| 000 | 02289cam a22004934i 4500 | ||
|---|---|---|---|
| 003 | PE-LiUPU | ||
| 005 | 20250731175637.0 | ||
| 008 | 150706s1990 miu r 000 0 eng d | ||
| 020 | _a1589830024 | ||
| 020 | _a9781589830028 | ||
| 035 | _a(Sirsi) i9781589830028 | ||
| 040 |
_aPE-LiUPU _bspa _cPE-LiUPU _erda |
||
| 041 | 1 |
_aeng _agre |
|
| 049 | _aPRUA | ||
| 082 | 0 | 4 |
_a487.4 _bV28 _221 |
| 100 | 1 |
_aVan Voorst, Robert E., _eautor. |
|
| 245 | 1 | 0 |
_aBuilding your New Testament greek vocabulary / _cRobert E. Van Voorst. |
| 250 | _aTrird edition. | ||
| 264 | 1 |
_aGrand Rapids, Michigan : _bEerdmans, _c1990. |
|
| 300 |
_a119 páginas ; _c23 centímetros. |
||
| 336 |
_atext _2rdacontent |
||
| 337 |
_aunmediated _2rdamedia |
||
| 338 |
_avolume _2rdacarrier |
||
| 490 | 0 |
_aResources for biblical study / Society of Biblical Literature ; _v43 |
|
| 505 | 0 | _aGuide to using this book -- Basic principles of greek work building -- New testament Greek vocabulary listed by frequency and cognate -- New testament Greek vocabulary without cognate list by frequency -- Proper nouns, adjectives and adverbs -- Helps for verb analysis -- Helps for translating . and similar works -- Prepositions -- Conjunctions, negatives and adverbs -- Numbers. | |
| 526 | _aP145 | ||
| 526 | _aP127 | ||
| 526 | _aP97 | ||
| 526 | _aP35 | ||
| 526 | _aP14 | ||
| 526 | _aP07 | ||
| 541 | _g986544; | ||
| 650 | 0 | 4 |
_aBiblia. _pN.T. _xLenguaje y estilo. |
| 650 | 0 | 7 |
_aGriego bíblico _vVocabularios. |
| 910 |
_agl _bjv _clch _d20110210 |
||
| 910 |
_adbm _bncf _cncf _d20200123 |
||
| 942 |
_2ddc _cBOOK |
||
| 949 |
_a487.4 V28 _wDEWEY _c1 _i62403 _lCCODEBUL1 _mBUL _p24.00 _r0 _sY _tBOOK _u2015-7-6 _xTEOLOGIA _PP35 _0COMPRA _o.STAFF. Colección Teología |
||
| 994 |
_aC0 _bPEPRU |
||
| 596 | _a1 | ||
| 999 |
_a487.4 V28 _wDEWEY _c51432 _i62403 _d51432 _f2021-11-11 _g5 _lCCODEBUL1 _mBUL _p24.00 _q1 _r0 _sY _tBOOK _u2015-7-6 _xTEOLOGIA _PP35 _0COMPRA _o.STAFF. Colección Teología |
||
| 999 |
_a487.4 V28 _wDEWEY _c2 _i80978 _f2021-11-11 _g2 _lCCODEBUL1 _mBUL _p24.00 _r0 _sY _tBOOK _u2020-1-23 _xTEOLOGIA _PP35 _0DONACION _o.STAFF. Colección Teología |
||
| 980 |
_81 _gALBERTO SANCHEZ Responsable de Automatización |
||